000 00737cam a22002531 4500
001 77121
003 BD-RjUL
005 20211209082928.0
008 200227s1954 xx 000 0 eng
035 _a(BD-RjUL)77345
040 _aDLC
_cTxU-Da
_dUk
_dDLC
_beng
041 _aeng
082 _a747.88
_223
_bCAC 1954
100 1 _aCarrington, Noel.
_9239835
245 1 0 _aColour and pattern in the home.
_cWith lithographs by Roland Collins.
260 _aLondon :
_bB.T. Batsford ,
_c[1954]
300 _a160 p. :
_billus.;
_c26 cm.
500 _aIncludes Index
650 0 _aInterior decoration.
_9239836
906 _a7
_bcbc
_coclcrpl
_du
_encip
_f19
_gy-gencatlg
942 _2ddc
_cBK
999 _c77121
_d77121